Online
Catalog

Atlas universal de filosofía : (Record no. 7472)

MARC details
000 -CABECERA
campo de control de longitud fija 03081nam a2200385 a 4500
001 - NÚMERO DE CONTROL
campo de control 000007693
003 - IDENTIFICADOR DEL NÚMERO DE CONTROL
campo de control DO-SdBNP
005 - FECHA Y HORA DE LA ÚLTIMA TRANSACCIÓN
campo de control 20251210123059.0
008 - DATOS DE LONGITUD FIJA--INFORMACIÓN GENERAL
campo de control de longitud fija 090907s2006 sp a 001 0 spa d
020 ## - NÚMERO INTERNACIONAL ESTÁNDAR DEL LIBRO
Número Internacional Estándar del Libro 8449428238
020 ## - NÚMERO INTERNACIONAL ESTÁNDAR DEL LIBRO
Número Internacional Estándar del Libro 9788449428234
035 ## - NÚMERO DE CONTROL DEL SISTEMA
Número de control de sistema (OCoLC)436000645
040 ## - FUENTE DE LA CATALOGACIÓN
Centro catalogador/agencia de origen DO-SdBNP
Lengua de catalogación spa
Centro/agencia transcriptor BNPHU
049 ## - FONDOS LOCALES (OCLC)
Fondos de biblioteca BNGR
Mención de copia 1[001880]
082 #4 - NÚMERO DE LA CLASIFICACIÓN DECIMAL DEWEY
Número de documento/Ítem A881u
245 00 - MENCIÓN DE TÍTULO
Título Atlas universal de filosofía :
Resto del título manual didáctico de autores, textos, escuelas y conceptos filosóficos /
Mención de responsabilidad, etc. dirección Carlos Gispert ; edición Anna Biosca ...[et al.] ; traducción Marco Barberi ... [et al.].
260 ## - PUBLICACIÓN, DISTRIBUCIÓN, ETC.
Lugar de publicación, distribución, etc. Barcelona :
Nombre del editor, distribuidor, etc. Océano,
Fecha de publicación, distribución, etc. 2006.
270 ## - DIRECCIÓN
Dirección Editora Océano
-- Milanesat, 21-23 edificio Océano
Ciudad Barcelona
País España
Código postal 08017
Número de teléfono 34-932-802-020
Número de fax 34-932-041-073
Dirección de correo electrónico www.oceano.com
300 ## - DESCRIPCIÓN FÍSICA
Extensión vii, 1035 p. :
Otras características físicas il, retrs. ;
Dimensiones 27 cm.
500 ## - NOTA GENERAL
Nota general Incluye índice general, de autores y términos
505 2# - NOTA DE CONTENIDO CON FORMATO
Nota de contenido con formato Presentación -- Sumario -- Conceptos filosóficos básicos -- Grecia -- Presocráticos -- Sócrates -- Platón -- Aristóteles -- Helenismo -- Edad imperial -- Edad media -- Neoplatonismo -- Renacimiento -- Revolución científica -- Racionalismo clásico -- Empírismo -- Siglo de las luces -- Kantismo -- Idealismo -- Posthegelianismo -- Antipositivismo -- La voz del irracionalismo -- Epistemología -- Ciencias naturales -- Ciencias humanas -- Psicoanálisis -- Psicología -- Estética -- Antología de textos -- Milesios: tales, anaximandro, anaxímenes -- Heráclito -- Pitágoras -- Parménides y Zenón -- Demócrito -- Sofistas: protágoras y Gorgias -- Sócrates -- Platón -- Aristóteles -- Cínicos y escépticos: Diógenes y Pirrón -- Epicuro -- Estoicos: Zenón, Séneca, Marco Aurelio -- Plotino -- San Agustín -- Teólogos mediavales: Dioniso y San Anselmo -- Santo Tomás de Aquino -- Erasmo -- Lutero -- Cusa -- Neoplatónicos: Ficino y Pico Della Mirandola -- Bruno -- Magos y naturalistas: Paracelso, Agrippa, Telesio -- Campanella -- Maquiavelo -- Moro -- Galileo -- Bacon -- Descartes -- Hobbe -- Pascal -- Spinoza -- Leibniz -- Locke -- Berkeley -- Hume -- Voltaire -- Rousseau -- Condillac -- Kant -- Fichte -- Schelling -- Hegel -- Feuerbach -- Schopenhauer -- Kierkegaard -- Comte -- Marx -- Nietzsche -- Freud -- Bergson -- El pragmatismo: Peirce y James -- Croce -- Husserl -- Sugerencias de consulta -- Índice de términos -- Índice general.
534 ## - NOTA SOBRE LA VERSIÓN ORIGINAL
Frase introductoria Títulos originales en italiano:
Mención de título del original Atlante ilustrado di filosofia. Antologia di filosofia.
650 #4 - PUNTO DE ACCESO ADICIONAL DE MATERIA--TÉRMINO DE MATERIA
Término de materia o nombre geográfico como elemento de entrada Filosofía antigua
9 (RLIN) 21323
Subdivisión de forma Diccionarios
650 #4 - PUNTO DE ACCESO ADICIONAL DE MATERIA--TÉRMINO DE MATERIA
Término de materia o nombre geográfico como elemento de entrada Filosofía
Subdivisión general Teorías
Subdivisión de forma DICCIONARIOS
9 (RLIN) 21324
650 #4 - PUNTO DE ACCESO ADICIONAL DE MATERIA--TÉRMINO DE MATERIA
Término de materia o nombre geográfico como elemento de entrada Filosofía
Subdivisión general Historia
Subdivisión de forma DICCIONARIOS
9 (RLIN) 21325
650 #0 - PUNTO DE ACCESO ADICIONAL DE MATERIA--TÉRMINO DE MATERIA
Término de materia o nombre geográfico como elemento de entrada Filosofía moderna
9 (RLIN) 8156
Subdivisión de forma Diccionarios
650 #4 - PUNTO DE ACCESO ADICIONAL DE MATERIA--TÉRMINO DE MATERIA
Término de materia o nombre geográfico como elemento de entrada Filosofía de la ciencia
Subdivisión de forma Diccionarios
9 (RLIN) 21327
650 #4 - PUNTO DE ACCESO ADICIONAL DE MATERIA--TÉRMINO DE MATERIA
Término de materia o nombre geográfico como elemento de entrada Filósofos
Subdivisión de forma Biografías
9 (RLIN) 21328
700 12 - PUNTO DE ACCESO ADICIONAL--NOMBRE DE PERSONA
Nombre de persona Biosca, Anna
Término indicativo de función/relación ed.
9 (RLIN) 21329
700 12 - PUNTO DE ACCESO ADICIONAL--NOMBRE DE PERSONA
Nombre de persona Murugarren, Plácido
Término indicativo de función/relación ed.
9 (RLIN) 21330
700 12 - PUNTO DE ACCESO ADICIONAL--NOMBRE DE PERSONA
Nombre de persona Tomás, Javier,
Término indicativo de función/relación ed.
9 (RLIN) 21331
700 12 - PUNTO DE ACCESO ADICIONAL--NOMBRE DE PERSONA
Nombre de persona Barberi, Marco,
Término indicativo de función/relación tr.
9 (RLIN) 21332
910 ## - DATOS DE OPCIÓN DEL USUARIO (OCLC)
Datos de opción del usuario Validado. Control de calidad BNPHU
942 ## - ELEMENTOS DE PUNTO DE ACCESO ADICIONAL (KOHA)
Fuente del sistema de clasificación o colocación Dewey Decimal Classification
Tipo de ítem Koha Libro
Holdings
Estado de retiro Estado de pérdida Restricciones de uso No para préstamo Código de colección Localización permanente Ubicación/localización actual Ubicación en estantería Fecha de adquisición Número de inventario Total de préstamos Signatura topográfica completa Código de barras Fecha visto por última vez Precio válido a partir de Tipo de ítem Koha
    Préstamo interno   Monografías: Libros y Folletos R R En catalogación 10.09.2009 LF1   R101 A881u 7693-10 25.06.2020 25.06.2020 Préstamo interno

Powered by Koha